Представление документа в формате RUSMARC

ПолеНазваниеЗначение
  Тип записи a
  Библиографический уровень m
001 Контрольный номер RU/SLIB/B/208781748
005 Дата корректировки 20260129151427.0
010 Индекс ISBN __
d Цена 230-00
100 Данные общей обработки __
a Данные общей обработки 20260129d1993 d y0rusy028902 ca
101 Язык документа 1_
a Язык текста rus
b Язык промежуточного перевода ger
102 Страна публикации __
a Страна публикации RU
105 Кодированные данные (монография) __
a Кодированные данные (монография) y z 000ay
181 Поле кодированных данных: вид содержания _0
a Код вида содержания (ISBD) i
182 Поле кодированных данных: тип средства _0
a Код типа средства (ISBD) n
200 Заглавие и сведения об ответственности 1_
a Заглавие Человек-землетрясение
e Сведения, относящиеся к заглавию роман
f Первые сведения об ответственности Х. Г. Конзалик ; перевод с немецкого Е. Турчаниновой
203 Вид содержания и тип средства __
a Вид содержания Текст
c Тип средства непосредственный
210 Выходные данные 1_
a Место издания Москва
c Издательство Олимп
d Дата издания 1993
215 Физическое описание __
a Объем 288 с.
330 Аннотация __
a Аннотация Хайнц Г. Конзалик - популярнейший западногерманский писатель, автор многих остросюжетных романов, выпущенных на Западе огромными тиражами. На русском языке произведения Конзалика издаются впервые. Главный герой романа Человек-Землетрясение Боб Баррайс - наследник миллионного состояния, ведущий беззаботную жизнь красавца-плейбоя. Друзья и возлюбленные, попадающие в плен его обаяния, гибнут один за другим. Идя по жизни, Боб Баррайс все разрушает на своем пути и в конце концов погибает сам.
606 Тематические рубрики __
a Основная рубрика Художественная литература
z Хронологическая подрубрика 20 в.
y Географическая подрубрика Германия
2 Код системы nlr_sh
606 Тематические рубрики __
a Основная рубрика Литература Европы (произведения)
2 Код системы nlr_sh
610 Ключевые слова 0_
a Ключевые слова проза; прозаики; романы; немецкая литература
610 Ключевые слова 0_
a Ключевые слова зарубежная литература
610 Ключевые слова 0_
a Ключевые слова зарубежные романы
610 Ключевые слова 0_
a Ключевые слова остросюжетные романы
610 Ключевые слова 0_
a Ключевые слова трагические события
686 Индексы других классификаций __
a Классификационный индекс 84(4Гем)-4 ; ст84(4Гем)-4
2 Код системы rubbks
700 Автор _1
a Фамилия Конзалик
b Имя Х. Г.
4 Код отношения 070
f Даты 1921-1999
g Полное личное имя Хайнц Гюнтер
702 Вторичная интеллектуальная ответственность _1
a Фамилия Турчанинова
b Имя Е.
4 Код отношения 730
801 Источник записи _0
a Страна RU
b Организация Муниципальное бюджетное учреждение культуры "Централизованная библиотечная система" г. Сургут (Центральная городская библиотека им. А. С. Пушкина)
g Правила каталогизации PSBO
801 Источник записи _1
a Страна RU
b Организация Муниципальное бюджетное учреждение культуры "Централизованная библиотечная система" г. Сургут (Центральная городская библиотека им. А. С. Пушкина)
g Правила каталогизации PSBO
852 Данные о местонахождении __
j Шифр хранения 84(4Гем)-4
i Авторский знак К 64
p Инвентарный номер 48220
901 Тип документа __
t Тип документа m
a Ответственный КиК/Чорнонос Е.В.
901 Тип документа __
a Ответственный СКБР2026
903 Характеристики (МАРС) __
a Дата передачи 20260128
c Наименование библиотеки (МАРС) Муниципальное бюджетное учреждение культуры "Централизованная библиотечная система" г. Сургут (Центральная городская библиотека им. А. С. Пушкина)
990 Данные о заказе (DOS) __
j Количество экземпляров (DOS) 1
t N записи в КСУ для И/У (DOS) 199401